| 000 | 00350nam a2200145Ia 4500 | ||
|---|---|---|---|
| 008 | 150201s2001 xx 000 0 und d | ||
| 082 |
_a612.015 _bB2001B |
||
| 100 | _aJEREMY .M. BERG | ||
| 245 | _aBIOCHEMISTRY | ||
| 250 | _a5TH | ||
| 260 |
_bW.H.FREEMAN AND COMPANY _aNEW YORK _c2001 |
||
| 300 | _a1-974 | ||
| 650 | _aBIOCHEMISTRY | ||
| 942 |
_2ddc _cBK |
||
| 999 |
_c2534 _d2534 |
||